000 01139nam a22003617a 4500
001 BR7601264
003 BR-BrBNA
005 20230928084924.0
007 ta
008 230509b bl.||||| |||| 00| 0 por d
040 _aBR-BrBNA
_bpor
_cBiblioteca Nacional de Agricultura
041 _a(Por)
072 _aE70; Q10; Q30
_b9120
_b/G514
090 _ 9120 BR7601264
110 1 _aGoverno do Estado do Rio Grande do Sul, Porto Alegre (Brasil);
_95400
110 1 _aPrograma de Investimentos Integrados para o Setor Agropecuario do Rio Grande do Sul, Porto Alegre (Brasil)
_97968
245 1 _aPerfis de agroindustria, enlatados de frutas e legumes - Rio Grande do Sul [Brasil]
_bv. 3
260 3 _aPorto Alegre, RS (Brasil):
_c1975.
300 _a103 p.
500 _a10 tables; 20 ref.; 1 Map, scale 1:1,000,000; Summary (Por)
650 _aFRUTA
650 _aLEGUME
650 _aOFERTA
650 _aDEMANDA
650 _aCUSTO
650 _aFINANCIAMENTO
650 _aCONSERVA
650 _aPRECO
650 _aINDUSTRIA AGRICOLA
650 _aENLATADO
909 _a202309
_bLucia
_c55
_dLucia Elande
942 _cBK
999 _c21887
_d21887